Breve historia del urbanismo /

Detalles Bibliográficos
Autor principal: Chueca Goitia, Fernando
Formato: Libro
Publicado: Madrid : Alianza, 1982.
Edición:9a ed.
Colección:Libro de Bolsillo; no. 136
Materias:
Etiquetas: Agregar Etiqueta
Sin Etiquetas, Sea el primero en etiquetar este registro!

MARC

LEADER 00000nam a22000004a 4500
001 AR-BbUGT872
003 AR-BbUGT
005 20190228085549.0
007 ta
008 061101t1982 |||a |0|||0| d
999 |c 8730  |d 8730 
020 |a 84-206-1136-0 
040 |a AR-BbUGT  |b spa  |c AR-BbUGT 
082 0 4 |a 711.09 
100 1 |a Chueca Goitia, Fernando  |9 76 
245 1 0 |a Breve historia del urbanismo /   |c Fernando Chueca Goitia. 
250 |a 9a ed. 
260 |a Madrid :   |b Alianza,   |c 1982. 
300 |a 241 p. :   |b il. ;  |c 18 cm. 
490 1 |a Libro de Bolsillo;   |v no. 136 
653 |a Geografía Urbana 
653 |a Urbanismo 
830 0 |a Libro de Bolsillo;   |v no. 136 
942 |c BK  |h 711.09  |i CH471  |2 ddc  |6 711_090000000000000_CH471 
942 |c BK  |h 711.09  |i CH471  |2 ddc